Issekutz Béla gratuláló levele Szent-Györgyi Alberthez
A külföldön kutató Szent-Györgyit Issekutz Béla javaslatára hívta haza Klebelsberg kultuszminiszter. A levélben Issekutz feltételezi, hogy 10 millió pengő támogatást fog kapni Szent-Györgyi a kultuszminisztériumtól.
Elmentve itt :
| Szerző: | |
|---|---|
| Dokumentumtípus: | Kézirat |
| Megjelent: |
1937-10-29
|
| Kulcsszavak: | Levelezés - Issekutz Béla - Szent-Györgyi Albert, Nobel-díj - 1937 |
| Online Access: | http://misc.bibl.u-szeged.hu/47708 |
| LEADER | 00893ntm a2200181 i 4500 | ||
|---|---|---|---|
| 001 | misc47708 | ||
| 005 | 20241202150114.0 | ||
| 008 | 210113s1937 hu o 000 hun d | ||
| 040 | |a SZTE Miscellanea Repozitórium |b hun | ||
| 041 | |a hun | ||
| 100 | 1 | |a Issekutz Béla | |
| 245 | 1 | 0 | |a Issekutz Béla gratuláló levele Szent-Györgyi Alberthez |h [elektronikus dokumentum] / |c Issekutz Béla |
| 260 | |c 1937-10-29 | ||
| 300 | |a 1 fol. | ||
| 520 | 3 | |a A külföldön kutató Szent-Györgyit Issekutz Béla javaslatára hívta haza Klebelsberg kultuszminiszter. A levélben Issekutz feltételezi, hogy 10 millió pengő támogatást fog kapni Szent-Györgyi a kultuszminisztériumtól. | |
| 561 | |a Szent-Györgyi Albert gratuláló levelek | ||
| 695 | |a Levelezés - Issekutz Béla - Szent-Györgyi Albert, Nobel-díj - 1937 | ||
| 856 | 4 | 0 | |u http://misc.bibl.u-szeged.hu/47708/1/1937_4_057-058.pdf |z Dokumentum-elérés |